Making the most of your national youth service corps year: prescription for a happy NYSC year

Uloženo v:
Podrobná bibliografie
Hlavní autor: OPAPEJU, Opeoluwa
Médium: Kniha
Jazyk:angličtina
Vydáno: Fasco Publishers 2016
Tagy: Přidat tag
Žádné tagy, Buďte první, kdo vytvoří štítek k tomuto záznamu!

MARC

LEADER 00000nam a22000007a 4500
008 211222b ||||| |||| 00| 0 eng d
020 |a 978-35702-3-4 
100 |a OPAPEJU, Opeoluwa. 
245 |a Making the most of your national youth service corps year:   |b prescription for a happy NYSC year  |c Opeoluwa Opapeju  |g x, 62p. 
250 |b 3rd ed. 
260 |b Fasco Publishers  |c 2016  |h Ibadan  |i 689308  |i 689309  |l HN831 .Z9Op1  |m National Youth Service Corps.  |m National service - Nigeria. 
942 |a lcc  |c BK  |e IFATOLA J.O  |f 22/12/2021 
952 |0 0  |1 0  |2 lcc  |4 0  |6 HN0831 Z9 O P1  |7 0  |9 4013  |a HOL  |b HOL  |c GJ  |d 2021-12-22  |l 0  |o HN831 .Z9Op1  |p 2021-67737  |r 2021-12-22 00:00:00  |t 689308  |w 2021-12-22  |y BK 
952 |0 0  |1 0  |2 lcc  |4 0  |6 HN0831 Z9 O P1  |7 0  |9 4014  |a HOL  |b HOL  |c GJ  |d 2021-12-22  |l 0  |o HN831 .Z9Op1  |p 2021-67738  |r 2021-12-22 00:00:00  |t 689309  |w 2021-12-22  |y BK 
999 |c 2016  |d 2016